000 00665nam a22002417a 4500
003 UA-OsUOA
001 47412
007 ta
008 20120613b un ||||| |||| 00| 0 ukr d
100 _aБілецький Л.
090 _a09.-929
_bБ67
942 _cBK
040 _aUA-OsUOA
_bukr
_cUA-OsUOA
_dUA-OsUOA
245 _aОмелян Огоновський.
300 _a68 с.
955 _a4
041 _aukr
080 _a09.-929
260 _aВінніпег
_c1950
650 7 _a0 Загальний відділ.
_2UDC
999 _c427522
_d427522